Ekologické farmárčenie sa začína vyplácať
Rodinné farmárčenie na slovenskom vidieku (okres Rimavská Sobota) na príklade rodinnej farmy švajčiarskych manželov. Začiatky ekologickej farmy, rozbehnutie biznisu. V roku 2004 si manželia vybavili eko certifikát na väčšinu svojich produktov - tento fakt veľmi pomohol ich podnikaniu. Venujú sa ekol...
Enregistré dans:
| Auteur principal: | |
|---|---|
| Format: | Chapitre de livre |
| Langue: | slovaque |
| Sujets: | |
| Tags: |
Pas de tags, Soyez le premier à ajouter un tag!
|
MARC
| LEADER | 00000naa$a2200000$$$4500 | ||
|---|---|---|---|
| 001 | 0060353 | ||
| 005 | 20231009073425.5 | ||
| 041 | 0 | |a slo | |
| 044 | |a SK | ||
| 245 | 1 | 0 | |a Ekologické farmárčenie sa začína vyplácať |c Marián Benka |
| 520 | |a Rodinné farmárčenie na slovenskom vidieku (okres Rimavská Sobota) na príklade rodinnej farmy švajčiarskych manželov. Začiatky ekologickej farmy, rozbehnutie biznisu. V roku 2004 si manželia vybavili eko certifikát na väčšinu svojich produktov - tento fakt veľmi pomohol ich podnikaniu. Venujú sa ekologickému chovu zvierat. V slovenských podmienkach je bežnejšia rastlinná ako živočíšna eko výroba. | ||
| 610 | 2 | 0 | |a farmy rodinné |
| 610 | 2 | 0 | |a poľnohospodárstvo alternatívne |
| 610 | 2 | 0 | |a výrobky ekologické |
| 610 | 2 | 0 | |a chov zvierat |
| 610 | 2 | 0 | |a bioprodukty |
| 610 | 2 | 0 | |a certifikáty |
| 100 | 1 | |a Benka, Marián | |